Gramática francesa / (Record no. 145867)

MARC details
000 -LEADER
campo de control de longitud fija 00571nam a2200205 i 4500
001 - NÚMERO DE CONTROL
campo de control 145867
003 - IDENTIFICADOR DE NÚMERO DE CONTROL
campo de control ES-MaACL
007 - CAMPO FIJO DE DESCRIPCIÓN FÍSICA--INFORMACIÓN GENERAL
campo de control de longitud fija t|
008 - DATOS DE LONGITUD FIJA--INFORMACIÓN GENERAL
campo de control de longitud fija 071017s1945 sp ||||1| spa d
100 1# - ENTRADA PRINCIPAL--NOMBRE DE PERSONA
Nombre de persona Verdaguer, Joaquín.
9 (RLIN) 114000
245 10 - MENCIÓN DEL TÍTULO
Título Gramática francesa /
Mención de responsabilidad, etc. Joaquín Verdaguer.
260 ## - PUBLICACIÓN, DISTRIBUCIÓN, ETC.
Lugar de publicación, distribución, etc. [Palma de Mallorca] :
Nombre del editor, distribuidor, etc. Moll,
Fecha de publicación, distribución, etc. 1945.
300 ## - DESCRIPCIÓN FÍSICA
Extensión 1 v. ;
Dimensiones 21 cm.
490 1# - MENCIÓN DE SERIE
Mención de serie Manuales Moll
500 ## - NOTA GENERAL
Nota general En la tapa 1954.
650 14 - PUNTO DE ACCESO ADICIONAL DE MATERIA--TÉRMINO DE MATERIA
Término de materia o nombre geográfico como elemento de entrada Lengua francesa-
Subdivisión general Gramática.
9 (RLIN) 14220
830 0# - PUNTO DE ACCESO ADICIONAL DE SERIE-TÍTULO UNIFORME
Título uniforme Manuales Moll
9 (RLIN) 185556
852 ## - LOCALIZACIÓN
Ubicación ES-MaACL
Número de control de estantería P-712
Holdings
Estatus retirado Estado de pérdida Estado de daño No para préstamo Biblioteca de origen Biblioteca actual Ubicación en estantería Fecha de adquisición Fuente de adquisición Total de préstamos Signatura topográfica completa Código de barras Visto por última vez Precio de reemplazo Tipo de ítem Koha
        Biblioteca del Ateneo de Madrid Biblioteca del Ateneo de Madrid Depósito 2 17/01/2008     P-712 1152258 23/02/2023 23/02/2023 Libro impreso